Anuario estadístico de la República de Chile año 1909

Պահպանված է:
Մատենագիտական մանրամասներ
Համատեղ հեղինակ: Oficina Central de Estadística (Հեղինակ)
Ձևաչափ: Գիրք
Լեզու:իսպաներեն
Հրապարակվել է: Santiago Universitaria 1910
Խորագրեր:
Ցուցիչներ: Ավելացրեք ցուցիչ
Չկան պիտակներ, Եղեք առաջինը, ով նշում է այս գրառումը!

MARC

LEADER 00000nam a2200000 a 4500
001 UCO4167
003 CL-VaPUC
008 000728e19100000CL |||||||||||||||||spa|d
082 0 4 |a 310.983  |b OFI  |2 21 
110 2 |a Oficina Central de Estadística  |e author  |9 448357 
245 1 0 |a Anuario estadístico de la República de Chile año 1909 
300 |a v 
942 |c BK 
945 |d 20000728 00:00:00  |a crobeson 
260 |a Santiago  |b Universitaria  |c 1910 
500 |a v.1: Territorio, administración, justicia, culto, instrucción pública, higiene y beneficencia 
500 |a v.2: Demografía 
650 0 |a Estadísticas  |9 258644 
650 0 |a Demografía   |9 260008 
650 0 |a Población  |9 257577 
651 7 |a CHILE  |2 CL-VaPUC  |9 448358 
583 |a last modification  |c 20120830 10:54:20  |k Rodrigo Vera 
999 |c 290235  |d 290233 
952 |0 0  |1 0  |4 0  |6 310_983000000000000_OFI_1910  |7 0  |8 X  |9 339551  |a BIBHIS  |b BIBHIS  |d 2019-11-20  |h v.1  |i 1211382  |o 310.983 OFI 1910  |p 1211382  |r 2024-01-30  |w 2019-11-20  |y BK_X  |k HIS 
952 |0 0  |1 0  |4 0  |6 310_983000000000000_OFI_1910  |7 0  |8 X  |9 339552  |a BIBHIS  |b BIBHIS  |d 2019-11-20  |h v.2  |i 1211390  |o 310.983 OFI 1910  |p 1211390  |r 2024-01-30  |w 2019-11-20  |y BK_X  |k HIS 
952 |0 0  |1 0  |4 0  |6 310_983000000000000_OFI_1910  |7 0  |8 X  |9 339553  |a BIBHIS  |b BIBHIS  |d 2019-11-20  |h v.3  |i 1211404  |o 310.983 OFI 1910  |p 1211404  |r 2024-01-30  |w 2019-11-20  |y BK_X  |k HIS 
952 |0 0  |1 0  |4 0  |6 310_983000000000000_OFI_1910  |7 0  |8 X  |9 339554  |a BIBHIS  |b BIBHIS  |d 2019-11-20  |h v.3  |i 1211412  |o 310.983 OFI 1910  |p 1211412  |r 2024-01-30  |w 2019-11-20  |y BK_X  |k HIS